WORLD health organization : publications catalogue 1948- 1989
Gorde:
| Egile nagusia: | |
|---|---|
| Formatua: | Liburua |
| Hizkuntza: | ingelesa |
| Argitaratua: |
World Health Organization
1989
|
| Etiketak: |
Etiketa erantsi
Etiketarik gabe, Izan zaitez lehena erregistro honi etiketa jartzen!
|
MARC
| LEADER | 00000nam a22000007a 4500 | ||
|---|---|---|---|
| 008 | 210125b ||||| |||| 00| 0 eng d | ||
| 020 | |a : 92-4-1561106 | ||
| 100 | |a World Health Organization | ||
| 245 | |a WORLD health organization |b : publications catalogue 1948- 1989 |c World Health Organization | ||
| 260 | |b World Health Organization |c 1989 |h Geneva |i 682809 – Ref |l RA8 .A5W88 |m World Health Organization – Bibliography – Catalogs |m Public health – Catalogs |m World Health Organization | ||
| 942 | |a lcc |c BK |e Mr ogunleye | ||
| 952 | |0 0 |1 0 |2 lcc |4 0 |6 RA0008 A5 W88 |7 0 |9 1695 |a HOL |b RF |d 2021-01-25 |l 0 |o RA8 .A5W88 |p 2021-0477 |r 2021-01-25 00:00:00 |w 2021-01-25 |y BK | ||
| 999 | |c 901 |d 901 | ||